1743 1156 1596 1504 1235 1390 1501 1784 1907 1707 1493 1459 1247 1647 1966 1721 1206 1388 1652 1637 1128 1546 1550 1040 1103 1531 1280 1132 1939 1900 1166 1613 1498 1175 1893 1036 1839 1651 1913 1846 1440 1612 1366 1246 1524 1209 1766 1063 1823 1413 1050 1737 1032 1279 1079 1962 1500 1238 1318 1171 1631 1532 1202 1661 1835 1740 1523 1775 1865 1500 1178 1462 1034 1545 1186 1194 1097 1214 1322 1324 1948 1041 1541 1025 1870 1349 1987 1727 1512 1373 1988 1515 1294 1384 1604 1773 1774 1021 1630 BCNSPRNW ULIB Ver.6.0+V

เปลี่ยนเป็นภาษาไทย

Change to English
 แสดงรายละเอียดบรรณานุกรม
  กลับหน้าหลัก

Brief Record : Get Marc (ISO 2709) : E-mail record : QR code < ปิดหน้าต่าง
LEADER : 00000nam 2200000uu 4500
001    13399120156
003     ULIB
008    120905s2554||||th 000 0 tha d
020    ^a9789742944414
060 04 ^aWY105^bน578ก
100 0  ^aนิตยา ศรีญาณลักษณ์
245 10 ^aการบริหารการพยาบาล /^cนิตยา ศรีญาณลักษณ์, บรรณาธิการ
250    ^aพิมพ์ครั้งที่ 4
260    ^aนนทบุรี :^bโครงการสวัสดิการวิชาการ สถาบันพระบรมราชชนกกระทรวงสาธารณสุข,^c2554
300    ^a[13], 379 หน้า ;^c27 ซม.
650  7 ^aการพยาบาล^xการบริหาร
650  7 ^aการบริหารการพยาบาล
653    ^aLI:RAมีปี2552 พิมพ์ครั้งที่ 3
710 2  ^aสถาบันพระบรมราชชนก. ^bโครงการสวัสดิการวิชาการ
945    ^p240^l0^i032740
945    ^p240^l0^i032741
945    ^p240^l0^i032742
995    ^aทศพร
999    ^aทศพร
รายการนี้ยังไม่มีแท็ก
คุณยังไม่ได้ล็อกอิน คุณสามารถมีกิจกรรมร่วมกับเว็บไซต์ได้ แต่ต้องล็อกอินก่อน ::
  ล็อกอิน

รายการสื่อสารสนเทศ

ลำดับที่ ประเภท เลขเรียก/บาร์โค้ด สถานที่ สถานะ
1. วิทยาศาสตร์การแพทย์ และสุขภาพ
หนังสือสำรอง
สถานะ=หนังสือสำรอง
WY105 น578ก ฉ.1 
  Barcode: 032740
ห้องสมุดวิทยาเขตสวรรค์ประชารักษ์
►ส่วนจัดเก็บหนังสือเก่า สปร
บนชั้น
  ขอยืม
2. วิทยาศาสตร์การแพทย์ และสุขภาพ
วิทยาศาสตร์การแพทย์ และสุขภาพ
WY105 น578ก ฉ.2 
  Barcode: 032741
ห้องสมุดวิทยาเขตสวรรค์ประชารักษ์
►ส่วนจัดเก็บหนังสือเก่า สปร
บนชั้น
  ขอยืม
3. วิทยาศาสตร์การแพทย์ และสุขภาพ
วิทยาศาสตร์การแพทย์ และสุขภาพ
WY105 น578ก ฉ.3 
  Barcode: 032742
ห้องสมุดวิทยาเขตสวรรค์ประชารักษ์
►ส่วนจัดเก็บหนังสือเก่า สปร
บนชั้น
  ขอยืม

รายการใกล้เคียง
    ผู้แต่ง [นิตยา ศรีญาณลักษณ์]

    หัวเรื่อง [การบริหารการพยาบาล]

BibComment


ยังไม่เคยถูกคอมเมนท์

คอมเมนท์ทรัพยากรรายการนี้
  คอมเมนท์: การบริหารการพยาบ..


 Copyright 2026. Bcnsprnw @Library